Statistics for Highest Scoring NBA Players of the 2010s

Click here to take the quiz!

General Stats

  • This quiz has been taken 37 times
  • The average score is 14 of 20

Answer Stats

PointsPlayer% Correct
19,550LeBron James
100%
16,315Stephen Curry
100%
18,627James Harden
97%
19,445Kevin Durant
97%
17,603Russell Westbrook
97%
11,983Paul George
93%
11,770Chris Paul
80%
11,995Klay Thompson
80%
14,783Carmelo Anthony
77%
12,909Damian Lillard
73%
12,476Dirk Nowitzki
73%
13,243Dwyane Wade
73%
11,294Kyrie Irving
70%
14,931DeMar DeRozan
67%
13,200Blake Griffin
47%
12,009Kemba Walker
47%
15,213LaMarcus Aldridge
43%
11,346Brook Lopez
37%
12,006DeMarcus Cousins
37%
11,490Rudy Gay
20%

Score Distribution

Percentile by Number Answered

Percent of People with Each Score

Your Score History

You have not taken this quiz